000 02720nam0a2200349 4500
001 RU\NLR\BIBL_A\012063357
005 20190827160945.0
010 _a978-5-9509-0340-3
_9500
021 _aRU
_bКН-П-19-047037
_9КН-П-19-3430
035 _a(NLR Aleph) 012063357
035 _a(RuMoRGB)010026296
090 _a11718050
_c11718050
100 _a20190725d2019 k y0rusy50 ca
101 0 _arus
102 _aRU
105 _aa|||z|||000zy
200 1 _aТранспортно-технологические схемы перевозки углеводородного сырья по Северному морскому пути
_eмонография
_f[Булов Анатолий Андреевич, д.э.н., проф., Алексеева Елена Кирилловна, к.э.н., проф., Кислова Татьяна Александровна, к.э.н., проф. и др.]
_gпод общ. ред. А.А Булова
_gФедеральное агентство морского и речного транспорта, Федеральное государственное бюджетное образовательное учреждение высшего образования Государственный университет морского и речного флота имени адмирала С.О. Макарова, Институт международного транспортного менедежмента
210 _aСанкт-Петербург
_cИзд-во ГУМРФ им. адмирала С.О. Макарова
_d2019
215 _a113, [2] с.
_cил., табл.
_d21
300 _aАвт. указаны в вып. дан.
320 _aБиблиогр.: с. 111-114 (47 назв.)
606 1 _aНефть
_xМорские перевозки
_yАрктика
_92230712
_3RU\NLR\AUTH\661338899
686 1 _aО486.489.3
701 1 _aБулов
_bА. А.
_gАнатолий Андреевич
701 1 _7ca
_8rus
_aАлексеева
_bЕ. К.
_cканд. экон. наук
_gЕлена Кирилловна
_9101219
_3RU\NLR\AUTH\77118294
701 1 _aКислова
_bТ. А.
_cканд. экон. наук
_gТатьяна Александровна
_9188787
_3RU\NLR\AUTH\770188838
712 0 2 _4570
_aГосударственный университет морского и речного флота им. С. О. Макарова
_bИнститут международного транспортного менеджмента
_cСанкт-Петербург
_9611066
_3RU\NLR\AUTH\880474800
942 _cBOOK
980 _aNB